[Event "Portuguese Supercup 2013"]
[Site "Vila Nova de Gaia POR"]
[Date "2013.11.02"]
[Round "1.1"]
[White "Pereira,Rub"]
[Black "Diogo,V"]
[Result "1-0"]
[WhiteElo "2414"]
[BlackElo "2276"]

1.Nf3 d5 2.c4 c6 3.g3 Nf6 4.Bg2 g6 5.O-O Bg7 6.d4 O-O 7.cxd5 cxd5 8.Nc3 e6
9.Bf4 Nc6 10.Ne5 Nxe5 11.Bxe5 Bd7 12.Rc1 Bc6 13.b4 a6 14.a4 Bh6 15.Rb1 Ne4
16.Bxe4 dxe4 17.Bf4 Bxf4 18.gxf4 Qh4 19.e3 Rfd8 20.Qe2 Rac8 21.Rfc1 Kg7 22.Qf1 Qg4+
23.Qg2 Qxg2+ 24.Kxg2 Bd5 25.a5 Bc6 26.Kf1 Kf6 27.Ke1 Ke7 28.Rb2 Bb5 29.Kd2 f5
30.Rbc2 Bd7 31.Nb1 Rxc2+ 32.Rxc2 Bc6 33.Na3 Bd5 34.Rc5 h6 35.h4 Rg8 36.b5 axb5
37.Nxb5 Bc6 38.Na3 Bd5 39.Rc7+ Kf6 40.Nb5 Rd8 41.Kc3 g5 42.h5 gxf4 43.exf4 Bc6
44.Na3 Rd7 45.Rc8 e3 46.fxe3 Bf3 47.Nc4 Bxh5 48.Ne5 Re7 49.Kb4 Be8 50.Kc5 h5
51.Nf3 Bc6 52.Ng5 Re8 53.Rxe8 Bxe8 54.Kb6 Ke7 55.Kxb7 Kd6 56.a6 Bc6+ 57.Kb8 h4
58.a7 Kd5  1-0

[Event "80th ch-BRA S/F 1 2013"]
[Site "Rio de Janeiro BRA"]
[Date "2013.11.03"]
[Round "7.18"]
[White "Menna Barreto,F"]
[Black "Chaves,Jor"]
[Result "1-0"]
[WhiteElo "2264"]
[BlackElo "2023"]

1.Nf3 d5 2.c4 c6 3.b3 Nf6 4.Bb2 Bf5 5.g3 e6 6.Bg2 Nbd7 7.O-O Be7 8.d3 O-O
9.Nbd2 h6 10.Rc1 Re8 11.Rc2 a5 12.a3 Bf8 13.Qa1 Qe7 14.Rfc1 g5 15.Ne5 Nxe5
16.Bxe5 Nd7 17.Bb2 dxc4 18.Rxc4 e5 19.h4 Be6 20.hxg5 hxg5 21.R4c2 Bg7 22.Nc4 f6
23.d4 Bxc4 24.Rxc4 exd4 25.Rxd4 Nc5 26.Qa2 Kf8 27.a4 Na6 28.e3 Nb4 29.Qb1 Kf7
30.Bf3 Rh8 31.Qf5 Rad8 32.Rcd1 Nd5 33.Bxd5+ Rxd5 34.Rxd5 cxd5 35.Qxd5+ Kg6
36.Qd3+ Kf7 37.Qd7 Re8 38.Ba3 Qxd7 39.Rxd7+ Kg6 40.Rxb7 f5 41.Rb5 Ra8 42.Bc5 Bc3
43.Bd4 Bb4 44.Rb6+ Kh5 45.Rf6 Rc8 46.Kg2 Rc2 47.Rxf5 Kg4 48.e4 Bd6 49.Bf6 Bf4
50.gxf4  1-0

[Event "TCh-CRO II Liga 2013"]
[Site "Makarska CRO"]
[Date "2013.11.09"]
[Round "8.2"]
[White "Trkulja,G"]
[Black "Ledic,K"]
[Result "1-0"]
[WhiteElo "2387"]
[BlackElo "2192"]

1.Nf3 d5 2.c4 e6 3.e3 Nf6 4.Nc3 Be7 5.Be2 O-O 6.O-O Nbd7 7.d4 c6 8.Qc2 dxc4
9.Bxc4 b5 10.Bd3 b4 11.Ne4 Qb6 12.Ne5 Bb7 13.Ng5 Nxe5 14.dxe5 Ng4 15.Bxh7+ Kh8
16.Nf3 Qa5 17.b3 Nxe5 18.Nxe5 Qxe5 19.Bb2 Qc7 20.Bd3 Rac8 21.Qe2 f5 22.Bc4  1-0

[Event "FSFMB November 2013"]
[Site "Budapest HUN"]
[Date "2013.11.10"]
[Round "8.4"]
[White "Bacsi,A"]
[Black "Marcu,Simon"]
[Result "0-1"]
[WhiteElo "1836"]
[BlackElo "1892"]

1.Nf3 d5 2.c4 e6 3.g3 Nf6 4.Bg2 Be7 5.O-O O-O 6.d4 Ne4 7.Qc2 c6 8.Nbd2 f5
9.b3 Nd7 10.Bb2 Ndf6 11.Ne5 Bd7 12.f3 Nxd2 13.Qxd2 Bd6 14.e4 fxe4 15.fxe4 dxe4
16.Nxd7 Qxd7 17.Qe3 Rae8 18.Bxe4 Qe7 19.Bg2 c5 20.dxc5 Bxc5 21.Bd4 b6 22.Bxc5 bxc5
23.Rad1 e5 24.Bd5+ Kh8 25.h3 Nh5 26.Kg2 Nf6 27.Rf2 Rd8 28.Bf3 Rd4 29.Re1 e4
30.Be2 Rfd8 31.Rff1 Qe5 32.Qf4 Qe7 33.g4 e3 34.Qf3 Rd2 35.Rd1 h6 36.Rxd2 Rxd2
37.Rd1 Qe4 38.Rxd2 exd2 39.Kf2 Qd4+ 40.Kf1 Qa1+ 41.Kg2 Qxa2 42.Qa8+ Ng8 43.Qf3 d1=Q  0-1

[Event "TCh-CZE Vychod 2013-14"]
[Site "Czech Rep CZE"]
[Date "2013.11.10"]
[Round "2.3"]
[White "Szotkowski,J"]
[Black "Sosna,J"]
[Result "1-0"]
[WhiteElo "2202"]
[BlackElo "2367"]

1.Nf3 d5 2.c4 e6 3.e3 Nf6 4.b3 Nbd7 5.Bb2 Bd6 6.Be2 O-O 7.O-O Qe7 8.d4 dxc4
9.bxc4 c6 10.Ne5 Rd8 11.Nd2 Ba3 12.Qb3 Bxb2 13.Qxb2 Nxe5 14.dxe5 Nd7 15.Ne4 b6
16.Rad1 Bb7 17.Nd6 Nc5 18.f4 f6 19.Bf3 fxe5 20.Qxe5 Nd7 21.Qc3 Nc5 22.Nxb7 Qxb7
23.Qe5 Rac8 24.Rd4 Rf8 25.Rfd1 Qa6 26.Bg4 Qxa2 27.Bxe6+  1-0

[Event "Texas Collegiate 2013"]
[Site "Houston USA"]
[Date "2013.11.10"]
[Round "4"]
[White "Berczes,D"]
[Black "Gorovets,A"]
[Result "1-0"]
[WhiteElo "2522"]
[BlackElo "2480"]

1.Nf3 d5 2.c4 d4 3.b4 e6 4.Bb2 c5 5.e3 dxe3 6.fxe3 cxb4 7.d4 Nf6 8.Bd3 Nbd7
9.O-O b6 10.e4 e5 11.Qa4 Bd6 12.c5 Bc7 13.cxb6 Bxb6 14.Nxe5 O-O 15.Nc6 Qc7
16.Nd2 Bb7 17.Rac1 Qd6 18.Kh1 Rfc8 19.d5 Ng4 20.e5 Ndxe5 21.Ne4 Qh6 22.Bxe5 Bxc6
23.Rxc6 Rxc6 24.Bf4 g5 25.Bg3 Rcc8 26.Nd6 Bc7 27.Nxf7 Qh5 28.d6 Bb6 29.Qb3 Rc3
30.Qd5 Kg7 31.Nxg5 Rf8 32.Qb7+ Kh6 33.Qxh7+ Kxg5 34.h4+  1-0

[Event "Texas Collegiate 2013"]
[Site "Houston USA"]
[Date "2013.11.10"]
[Round "5"]
[White "Zherebukh,Y"]
[Black "Berczes,D"]
[Result "1-0"]
[WhiteElo "2611"]
[BlackElo "2522"]

1.Nf3 d5 2.c4 d4 3.Qa4+ Bd7 4.Qc2 Nc6 5.a3 a5 6.g3 e5 7.Bg2 Nf6 8.d3 h6 9.O-O Bc5
10.e4 dxe3 11.Bxe3 Bxe3 12.fxe3 Ng4 13.Re1 e4 14.dxe4 O-O 15.Nc3 Nce5 16.Nd4 c6
17.b3 Qg5 18.Qe2 Rad8 19.Rad1 Bc8 20.h3 Nf6 21.Qf2 Nfd7 22.Rd2 Qe7 23.Ra1 Nb6
24.Rc2 Nbd7 25.Na4 Nc5 26.Nb6 Be6 27.Rc3 Ned3 28.Qf3 Ne5 29.Qh5 Qg5 30.Qxg5 hxg5
31.b4 axb4 32.axb4 Na6 33.Ra5 Nd7 34.Nxd7 Bxd7 35.b5 Nb4 36.bxc6 Nxc6 37.Rxg5 Be6
38.Rd5 Ra8 39.Nxc6 Ra1+ 40.Kh2 bxc6 41.Rd2 c5 42.e5 Rb8 43.g4 g5 44.Kg3 Kf8
45.Bd5 Ke7 46.Rcd3 Rbb1 47.Bxe6 Kxe6 48.Kf3 Rf1+ 49.Ke4 Ra7 50.Rd8 Ke7 51.Rg8 Rd7
52.Rxd7+ Kxd7 53.Rxg5 Ke6 54.Rf5 Rc1 55.Rf6+ Ke7 56.Kd5 Rc3 57.Rf3 Rd3+ 58.Kxc5 Ke6
59.Kc6 Ra3 60.c5 Rb3 61.Kc7 Kd5 62.c6  1-0

[Event "23rd World Seniors 2013"]
[Site "Opatija CRO"]
[Date "2013.11.12"]
[Round "1.5"]
[White "Hjertenes,O"]
[Black "Balashov,Y"]
[Result "0-1"]
[WhiteElo "2102"]
[BlackElo "2440"]

1.Nf3 d5 2.c4 d4 3.g3 Nc6 4.Bg2 e5 5.d3 Bb4+ 6.Bd2 a5 7.O-O Nf6 8.Bxb4 axb4
9.Nbd2 O-O 10.a3 bxa3 11.Rxa3 Rxa3 12.bxa3 Qe7 13.Qc1 Bd7 14.Qb2 b6 15.Nb3 Ra8
16.Ra1 Ra4 17.h3 h6 18.Kh2 Nd8 19.Nfd2 c5 20.Re1 Qd6 21.e3 Nc6 22.e4 Qc7
23.Rf1 Ne7 24.Nc1 g5 25.Ncb3 Ng6 26.Rc1 Qa7 27.Nb1 Be6 28.f3 Kg7 29.Bf1 Qe7
30.N3d2 Qd8 31.Nb3 h5 32.Qg2 Nd7 33.Be2 Qf6 34.Bd1 Ra7 35.N3d2 h4 36.g4 Qf4+
37.Kh1 Qe3 38.Qe2 Nf4 39.Qf1 Nxd3 40.Rc2 Nf8 41.Nb3 Ng6 42.Re2 Qf4 43.Rc2 b5
44.Qxd3 bxc4 45.Rxc4 Bxc4 46.Qxc4 Qg3 47.Qf1 Nf4 48.Nxc5 Rc7 49.Nd3 Nxd3
50.Qxd3 Qe1+ 51.Kg2 Rc1  0-1

[Event "23rd World Seniors 2013"]
[Site "Opatija CRO"]
[Date "2013.11.12"]
[Round "1.64"]
[White "Beltz,Robert"]
[Black "Neumann,Ho"]
[Result "1-0"]
[WhiteElo "2208"]
[BlackElo "1929"]

1.Nf3 d5 2.c4 c6 3.d4 Nf6 4.Nc3 g6 5.Bf4 Bg7 6.e3 O-O 7.a3 Re8 8.Rc1 Nh5
9.Bg5 h6 10.Bh4 Bf6 11.cxd5 Bxh4 12.Nxh4 e6 13.Nf3 exd5 14.Bd3 Nf4 15.O-O Nxd3
16.Qxd3 Bf5 17.Qd2 Kg7 18.b4 a6 19.a4 Qe7 20.b5 axb5 21.axb5 Nd7 22.Ne1 Nb6
23.Nd3 Nc4 24.Qe2 Bxd3 25.Qxd3 Ra3 26.bxc6 bxc6 27.e4 Qd7 28.e5 Rb8 29.f4 Rb2
30.Rc2 Rxc2 31.Qxc2 Ne3 32.Qc1 Nc4 33.f5 Qa7 34.Ne2 Nxe5 35.fxg6 Nxg6 36.Qxc6 Qe7
37.Ng3 Qe3+ 38.Kh1 Qe6 39.Qc1 Rxg3 40.hxg3 Qg4 41.Qe3 Qe4 42.Qxe4 dxe4 43.g4 Nf8
44.Rf4 e3 45.Re4 Ne6 46.d5  1-0

[Event "23rd World Seniors 2013"]
[Site "Opatija CRO"]
[Date "2013.11.13"]
[Round "2.44"]
[White "Rukavina,J"]
[Black "Bondar,L"]
[Result "1/2-1/2"]
[WhiteElo "2405"]
[BlackElo "2049"]

1.Nf3 d5 2.c4 c6 3.e3 Bg4 4.cxd5 cxd5 5.Qb3 Qc7 6.Bb5+ Bd7 7.Nc3 e6 8.d4 Nc6
9.O-O Nf6 10.Bd2 Bd6 11.Rfc1 Qb8 12.a3 O-O 13.Na4 Ne4 14.Bb4 Rd8 15.Bd3 Nxb4
16.axb4 b6 17.b5 Rc8 18.Nc3 Nf6 19.Re1 Qc7 20.h3 Be7 21.Ra6 Qd6 22.Ne5 Rc7
23.Qa2 Bc8 24.Ra4 Bd7 25.Ra3 Rb7 26.Ra1 Qc7 27.Nxd7 Qxd7 28.Ra4 g6 29.Qb3 Rc7
30.Qd1 Kg7 31.Qf3 Rac8 32.g3 Bd8 33.Kg2 h6 34.R1a2 Rb8 35.Qd1 Rbb7 36.Be2 Be7
37.Bf3 Bd8 38.Qb3 Be7 39.e4 dxe4 40.Nxe4 Nd5 41.Nc3 Nxc3 42.bxc3 Rb8 43.Bc6 Rxc6
44.bxc6 Qxc6+ 45.Kg1 a5 46.Qc4 Qd7 47.Qe2 Bd6 48.h4 Qe7 49.Rc4 Qd7 50.Rca4 Qc7
51.Qd3 Rc8 52.Rc2 Qc6 53.Raa2 h5 54.Ra1 Be7 55.Rb1 Bd8 56.Rb5 Qc4 57.Qxc4 Rxc4
58.Kf1 Kf6 59.Ke2 Ke7 60.Kd3 Ra4 61.Rb3 Kd7 62.Rbb2 Kc6 63.c4 Ra3+ 64.Rc3 Ra1
65.Kc2 Re1 66.Rd3 Bc7 67.Rb1 Rxb1 68.Kxb1 b5 69.cxb5+ Kxb5 70.Rf3 Bb6 71.Rxf7 Bxd4
72.f3 Bf2 73.Rg7 Bxg3 74.Rxg6 Bxh4 75.Rh6 Bg3 76.Rxh5+ e5 77.Rh8 Kc4 78.Rd8 Kb3
79.Rd3+ Kc4 80.Kc2 Bf2 81.Rc3+ Kb4 82.Kd3 a4 83.Rc2 Bg1 84.Rb2+ Kc5 85.Rc2+ Kb4
86.Re2 Bd4 87.f4 a3 88.fxe5 Bc5 89.e6 Be7 90.Kc2 Kc5 91.Rd2 Bd6 92.Kb3 Kc6
93.Rd1 Kc7 94.Rd4 Kc6 95.Re4 Be7 96.Rd4 Bd6 97.Rd2 Kc7 98.Kc3 Kc6 99.Kc4 Be7
100.Rd1 Bd6 101.Rd5 Be7 102.Ra5 Kd6 103.Ra6+ Ke5 104.Kb3 Kf6 105.Kc3 Ke5
106.Kd3 Kd5 107.Ke3 Bd6 108.Kd3 Kxe6 109.Kd4 Kd7 110.Kd5 Be7 111.Ra7+ Kd8
112.Rb7 Bf8 113.Ke6 Kc8 114.Ra7 Kb8 115.Ra4 Kb7 116.Kd5 Kb6 117.Kc4 Bd6 118.Rxa3  1/2-1/2

[Event "23rd World Seniors 2013"]
[Site "Opatija CRO"]
[Date "2013.11.13"]
[Round "2.9"]
[White "Blechzin,I"]
[Black "Hartung Nielsen,J"]
[Result "1/2-1/2"]
[WhiteElo "2411"]
[BlackElo "2219"]

1.Nf3 d5 2.c4 d4 3.e3 Nc6 4.exd4 Nxd4 5.Nxd4 Qxd4 6.Nc3 e5 7.Be2 Bc5 8.O-O Ne7
9.b4 Bxb4 10.Qa4+ Nc6 11.Bf3 Bd7 12.Nb5 Qxc4 13.d3 Qc5 14.Nxc7+ Ke7 15.Be3 Qa5
16.Qxa5 Bxa5 17.Nxa8 Rxa8 18.Rab1 b6 19.Rfc1 Rc8 20.Rc4 Nd4 21.Rxc8 Nxf3+
22.gxf3 Bxc8 23.Rc1 Kd7 24.f4 f6 25.fxe5 fxe5 26.f3 Bb7 27.Kf2 Bd5 28.a3 a6
29.Rg1 g6 30.h4 Be6 31.h5 Bf5 32.hxg6 hxg6 33.Ke2 Kc6 34.Rc1+ Kd6 35.Rh1 b5
36.Rh8 Bc7 37.Ra8 a5 38.Bd2 Kc6 39.Bc3 a4 40.Bb4 Kb7 41.Rf8 Kc6 42.Rf7 Bd8
43.Kd2 Bg5+ 44.Kc3 Bd8 45.Rf8 Bh4 46.Kd2 Bg5+ 47.Ke2 Kd5 48.Rb8 Kd4 49.Rb6 Bxd3+
50.Kf2 Bh4+ 51.Kg2 Bg5 52.Rd6+ Kc4 53.Rc6+ Kd5  1/2-1/2

[Event "Chinese Teams 2013"]
[Site "Shijiazhuang CHN"]
[Date "2013.11.13"]
[Round "17.2"]
[White "Xiu Deshun"]
[Black "Wang Chen"]
[Result "1/2-1/2"]
[WhiteElo "2575"]
[BlackElo "2500"]

1.Nf3 d5 2.c4 e6 3.g3 g6 4.Bg2 Bg7 5.O-O Ne7 6.d4 Nbc6 7.e3 O-O 8.Qc2 a5
9.Rd1 b6 10.a3 Ba6 11.Nbd2 a4 12.e4 Qd7 13.cxd5 exd5 14.exd5 Nxd5 15.Nc4 f6
16.h4 Nce7 17.Bd2 Rad8 18.Rac1 Bb5 19.Kh2 Qf5 20.Re1 Qxc2 21.Rxc2 h5 22.Rcc1 Kf7
23.Bh3 Bd7 24.Bxd7 Rxd7 25.Ne3 Ra8 26.Rc4 Bf8 27.Rec1 Ra7 28.Kg2 Ke8 29.R4c2 Kd8
30.Kf1 Kc8 31.Ke2 Kb7 32.Ne1 Ra8 33.Nd3 Re8 34.Kf3 Nxe3 35.fxe3 Bh6 36.Nf4 Bxf4
37.gxf4 Nf5 38.Kf2 Nxh4 39.Rg1 Rg7 40.d5 Nf5 41.Rc6 Nd6 42.Bc3 Rf8 43.Bb4 Rd8
44.Ke2 Ne4 45.Re6 f5 46.Rgxg6 Rxg6 47.Rxg6 Rxd5 48.Rh6 Ka6 49.Kf3 Kb5 50.Rxh5 c5
51.Rxf5 Rxf5 52.Kxe4 Rf8 53.Bc3 Kc6 54.f5 b5 55.f6 b4 56.axb4 cxb4 57.Bd4 a3
58.bxa3 bxa3 59.Kf5 a2 60.Kg6 Kd5  1/2-1/2

[Event "23rd World Seniors 2013"]
[Site "Opatija CRO"]
[Date "2013.11.14"]
[Round "3.77"]
[White "Chirinos,C"]
[Black "Norman,D"]
[Result "1/2-1/2"]
[WhiteElo "2059"]
[BlackElo "1800"]

1.Nf3 d5 2.c4 c6 3.e3 Nf6 4.a3 Bg4 5.h3 Bxf3 6.Qxf3 e6 7.cxd5 cxd5 8.Bb5+ Nc6
9.O-O Be7 10.Nc3 O-O 11.d4 Rc8 12.Bd2 Na5 13.Rad1 Nc4 14.Bxc4 Rxc4 15.Qe2 Rc6
16.f3 Qb6 17.Be1 Qb3 18.Rd3 Qc4 19.Rf2 Rd8 20.Rd1 Qxe2 21.Rxe2 h6 22.Na2 Rdc8
23.Bb4 Bxb4 24.Nxb4 Rc1 25.Rxc1 Rxc1+ 26.Kf2 a5 27.Nd3 Rc7 28.Ne1 Kf8 29.Rc2 Rxc2+  1/2-1/2

[Event "23rd World Seniors 2013"]
[Site "Opatija CRO"]
[Date "2013.11.15"]
[Round "4.31"]
[White "Gromark,Per-Olof"]
[Black "Lederman,L"]
[Result "0-1"]
[WhiteElo "2102"]
[BlackElo "2245"]

1.Nf3 d5 2.c4 c6 3.e3 Nf6 4.Nc3 e6 5.b3 Nbd7 6.Bb2 a6 7.Be2 b5 8.d4 Bd6 9.O-O O-O
10.Qc2 Bb7 11.c5 Bc7 12.b4 e5 13.dxe5 Nxe5 14.Nxe5 Bxe5 15.f4 Bc7 16.Bf3 a5
17.a3 Re8 18.Rae1 axb4 19.axb4 Bc8 20.h3 Bd7 21.Qd3 Re7 22.Re2 Qf8 23.e4 dxe4
24.Nxe4 Nxe4 25.Bxe4 f5 26.Bf3 Rxe2 27.Bxe2 Qe7 28.g3 Re8 29.Kf2 Be6 30.Qc3 Bd5
31.Bh5 Rd8 32.Re1 Be4 33.Bf3 Rd7 34.Qe3 Qe6 35.Qc3 Bd8 36.Bd1 Kf8 37.Bb3 Qh6
38.Rd1 Bf6 39.Rxd7 Bxc3 40.Bxc3 Qxh3 41.Bxg7+ Ke8 42.Be6 Qg2+ 43.Ke3 Qxg3+
44.Kd4 Qxf4  0-1

[Event "IX Chervonograd Cup A 2013"]
[Site "Chervonograd UKR"]
[Date "2013.11.16"]
[Round "9.1"]
[White "Anwesh,U"]
[Black "Osmak,Iulija"]
[Result "1/2-1/2"]
[WhiteElo "2348"]
[BlackElo "2197"]

1.Nf3 d5 2.c4 c6 3.g3 Nf6 4.Bg2 Bf5 5.cxd5 cxd5 6.Qb3 Qb6 7.Qxb6 axb6 8.Nc3 Nc6
9.d3 e6 10.Bf4 h6 11.O-O Kd7 12.Rfe1 Bb4 13.a3 Bxc3 14.bxc3 Ra6 15.Reb1 Ke7
16.Ne1 Nd7 17.Nc2 Nc5 18.Nb4 Nxb4 19.axb4 Na4 20.b5 Ra5 21.Bd2 Nc5 22.c4 Rxa1
23.Rxa1 dxc4 24.dxc4 Be4 25.f3 Bc2 26.Bc3 f6 27.Bb4 Kd7 28.f4 Kc7 29.Bxc5 bxc5
30.b6+ Kxb6 31.Ra2 Bd1 32.Rb2+ Ka6 33.Bxb7+ Ka7 34.Be4 f5 35.Bf3 Rb8 36.Ra2+ Kb6
37.Rd2 Bb3 38.Rd6+ Ka5 39.Rxe6 Kb4 40.Re5 Rf8 41.Re7 g5 42.fxg5 hxg5 43.h4 gxh4
44.gxh4 Bxc4 45.Kf2 f4 46.h5 Rf6 47.Rb7+ Kc3 48.Rc7 Kd4 49.Rc6 Rxc6 50.Bxc6 Ke5
51.h6 Kf6 52.Be4 Kf7 53.Bd3 Bd5 54.e3  1/2-1/2

[Event "23rd World Seniors 2013"]
[Site "Opatija CRO"]
[Date "2013.11.16"]
[Round "5.30"]
[White "Norman,K"]
[Black "Vikulov,A"]
[Result "1/2-1/2"]
[WhiteElo "2173"]
[BlackElo "2290"]

1.Nf3 d5 2.c4 d4 3.d3 c5 4.g3 Nc6 5.Bg2 e5 6.O-O Be7 7.b4 cxb4 8.a3 b3 9.Qxb3 Nf6
10.Nbd2 O-O 11.Rb1 Qc7 12.Qb5 Nd7 13.Ne4 b6 14.e3 dxe3 15.Bxe3 Rb8 16.Nc3 Bc5
17.Nd5 a6 18.Nxc7 axb5 19.Nxb5 h6 20.Nd2 Ne7 21.Ne4 Bxe3 22.fxe3 Bb7 23.Nbd6 Bc6
24.d4 f5 25.Nc3 Bxg2 26.Kxg2 exd4 27.exd4 g5 28.Rbe1 Rf6 29.Rxe7 Rxd6 30.Rxf5 Rxd4
31.Nd5 Rd2+ 32.Kh3 Rd8 33.Rff7 g4+ 34.Kxg4 Ne5+ 35.Rxe5 Kxf7 36.Re7+ Kf8
37.Rh7 Rd6 38.Kf5 Ra2 39.Nf4 Rc6 40.Ra7 Rc2 41.Ng6+ Ke8 42.Ne5 Rf2+ 43.Ke4 Rd6
44.Ke3 Rf1 45.Nd3 Rg1 46.Kf2 Ra1 47.Nf4 Ra2+ 48.Kf3  1/2-1/2

[Event "23rd World Seniors 2013"]
[Site "Opatija CRO"]
[Date "2013.11.18"]
[Round "6.6"]
[White "Rukavina,J"]
[Black "Van Riemsdijk,H"]
[Result "1-0"]
[WhiteElo "2405"]
[BlackElo "2347"]

1.Nf3 d5 2.c4 d4 3.e3 Nc6 4.d3 e5 5.a3 a5 6.Be2 Nf6 7.exd4 exd4 8.Bg5 Be7
9.Bxf6 Bxf6 10.Nbd2 Bf5 11.Qa4 O-O 12.O-O Re8 13.Rfe1 Qd7 14.Bf1 Ne5 15.Qc2 Nc6
16.g3 Rxe1 17.Rxe1 a4 18.h4 h6 19.Bg2 Re8 20.Rxe8+ Qxe8 21.Qxa4 Bxd3 22.Qb3 Be2
23.Qxb7 d3 24.a4 Ne5 25.a5 Nxf3+ 26.Bxf3 Bxf3 27.Nxf3 d2 28.Nxd2 Qe1+ 29.Nf1 Qxa5
30.b4 Qa3 31.b5 Qa5 32.Qe4 g6 33.Ne3 Qa1+ 34.Kg2 Be5 35.c5  1-0

[Event "23rd World Seniors 2013"]
[Site "Opatija CRO"]
[Date "2013.11.19"]
[Round "7.79"]
[White "Hjertenes,O"]
[Black "Neumann,Ho"]
[Result "1-0"]
[WhiteElo "2102"]
[BlackElo "1929"]

1.Nf3 d5 2.c4 c6 3.g3 Nf6 4.Bg2 g6 5.b3 Bg7 6.Bb2 O-O 7.O-O Re8 8.d3 Nbd7
9.cxd5 cxd5 10.Nc3 a6 11.Nd2 Nf8 12.e4 d4 13.Ne2 e5 14.h3 Ne6 15.f4 Nd7 16.Nc4 f6
17.Nd6 Rf8 18.Ba3 Ndc5 19.Nxc8 Rxc8 20.Qd2 Rf7 21.fxe5 fxe5 22.Rxf7 Kxf7
23.h4 Bf8 24.Rf1+ Kg8 25.Bh3 Rc6 26.Bc1 Qc7 27.Ba3 Bg7 28.Rc1 Qf7 29.Rc4 Qf3
30.b4 Nxe4 31.dxe4 Rxc4 32.Bxe6+  1-0

[Event "23rd World Seniors 2013"]
[Site "Opatija CRO"]
[Date "2013.11.19"]
[Round "7.26"]
[White "Hess,C1"]
[Black "Hohler,P"]
[Result "1/2-1/2"]
[WhiteElo "2285"]
[BlackElo "2171"]

1.Nf3 d5 2.c4 e6 3.g3 Nf6 4.Bg2 Be7 5.O-O O-O 6.d4 c6 7.Nbd2 b6 8.Qc2 Bb7
9.e4 Na6 10.e5 Nd7 11.cxd5 cxd5 12.a3 Nc7 13.Re1 a5 14.Nf1 a4 15.Bg5 Nb8
16.h4 Nc6 17.Rad1 b5 18.N1h2 h6 19.Bf4 b4 20.Ng4 h5 21.Ng5 g6 22.Nf6+ Bxf6
23.exf6 Rc8 24.Be5 bxa3 25.bxa3 Nb5 26.Qd3 Qd7 27.Bh3 Nxe5 28.Rxe5 Rc3 29.Qe2 Nc7
30.Qd2 Rc6 31.Nf3 Kh7 32.Bf1 Ba6 33.Bxa6 Rxa6 34.Rb1 Rc6 35.Rxh5+ gxh5 36.Ng5+ Kg6
37.Ne4 Ne8 38.Qg5+ Kh7 39.Qxh5+ Kg8 40.Qg5+ Kh7 41.Rb8 Rc8 42.Qh5+ Kg8 43.Qg4+ Kh8
44.Nc5 Qd8 45.Qh5+ Kg8 46.Qg5+ Kh8 47.Nxe6 fxe6 48.Qh5+ Kg8 49.Qg6+ Kh8 50.Qh5+ Kg8  1/2-1/2

[Event "23rd World Seniors 2013"]
[Site "Opatija CRO"]
[Date "2013.11.19"]
[Round "7.58"]
[White "Norman,K"]
[Black "Spika,I"]
[Result "1-0"]
[WhiteElo "2173"]
[BlackElo "2018"]

1.Nf3 d5 2.c4 d4 3.d3 Nc6 4.g3 e5 5.Bg2 Nf6 6.O-O Nd7 7.Na3 Be7 8.Nc2 a5
9.Rb1 O-O 10.b3 Nc5 11.Ba3 Ne6 12.Bxe7 Qxe7 13.a3 Nc5 14.Qd2 a4 15.b4 Nb3
16.Qd1 Bf5 17.Nd2 Nxd2 18.Qxd2 e4 19.b5 exd3 20.exd3 Na5 21.Nb4 Rab8 22.Nd5 Qd6
23.Qxa5 Bxd3 24.Qxa4 Bxf1 25.Bxf1 Rfe8 26.Qb4 Qd7 27.Nf4  1-0

[Event "23rd World Seniors 2013"]
[Site "Opatija CRO"]
[Date "2013.11.21"]
[Round "9.48"]
[White "Baeta,M"]
[Black "Giesen,D"]
[Result "1/2-1/2"]
[WhiteElo "2068"]
[BlackElo "2235"]

1.Nf3 d5 2.c4 c6 3.e3 Nf6 4.Nc3 Bf5 5.cxd5 Nxd5 6.Qb3 Qb6 7.Qxb6 Nxb6 8.e4 Bg6
9.d4 e6 10.Ne5 N8d7 11.Nxg6 hxg6 12.Bf4 Be7 13.Be2 g5 14.Bg3 Nf6 15.O-O-O Rc8  1/2-1/2

[Event "23rd World Seniors 2013"]
[Site "Opatija CRO"]
[Date "2013.11.22"]
[Round "10.9"]
[White "Rukavina,J"]
[Black "Filipenko,A"]
[Result "1-0"]
[WhiteElo "2405"]
[BlackElo "2288"]

1.Nf3 d5 2.c4 c6 3.cxd5 cxd5 4.d4 Nf6 5.Nc3 Nc6 6.Bf4 a6 7.e3 Bg4 8.Be2 e6
9.O-O Bd6 10.Bg3 Bxg3 11.hxg3 O-O 12.Qb3 b5 13.Rfc1 Qd6 14.Qd1 Rfc8 15.a4 bxa4
16.Nxa4 Rcb8 17.Qc2 Nb4 18.Qc5 Ne4 19.Qxd6 Nxd6 20.Nc5 h5 21.Bf1 Bf5 22.b3 Ne4
23.Ra4 Nxc5 24.dxc5 Nc6 25.Bxa6 Rxb3 26.Bb5 Na7 27.Nd4 Rb1 28.Rxb1 Bxb1 29.Bc6 Rc8
30.Rxa7 e5 31.Ra8 Rxa8 32.Bxa8 exd4 33.exd4  1-0

[Event "23rd World Seniors 2013"]
[Site "Opatija CRO"]
[Date "2013.11.22"]
[Round "10.69"]
[White "Finnlaugsson,G"]
[Black "Waisberg,A"]
[Result "1-0"]
[WhiteElo "2082"]
[BlackElo "1971"]

1.Nf3 d5 2.c4 d4 3.e3 Nc6 4.exd4 Nxd4 5.Nxd4 Qxd4 6.Nc3 e5 7.d3 Nf6 8.Be3 Qd8
9.Be2 Be7 10.Qb3 O-O 11.h3 c6 12.O-O Qc7 13.f4 exf4 14.Bxf4 Bc5+ 15.Kh1 Bd6
16.Bg5 Be5 17.Bf3 Be6 18.Ne2 h6 19.Bh4 Qd7 20.d4 Bxd4 21.Rad1 c5 22.Bxf6 gxf6
23.Be4 f5 24.Qg3+ Kh8 25.Qf4 f6 26.Qxh6+ Qh7 27.Qxh7+ Kxh7 28.Nxd4 cxd4 29.Bxf5+ Bxf5
30.Rxf5 Rae8 31.Rd2 Re1+ 32.Kh2 Rb1 33.b3 d3 34.Rf3 Rf7 35.Rfxd3  1-0

[Event "23rd World Seniors 2013"]
[Site "Opatija CRO"]
[Date "2013.11.23"]
[Round "11.73"]
[White "Beltz,Robert"]
[Black "Belokopyt,B"]
[Result "1-0"]
[WhiteElo "2208"]
[BlackElo "1942"]

1.Nf3 d5 2.c4 e6 3.d4 c6 4.Qc2 Nf6 5.Nbd2 Nbd7 6.g3 Be7 7.Bg2 O-O 8.O-O b6
9.e4 Bb7 10.Rd1 dxe4 11.Nxe4 Nxe4 12.Qxe4 Nf6 13.Qc2 Qc8 14.c5 Nd5 15.a3 bxc5
16.dxc5 Bf6 17.Bg5 Qd8 18.h4 h6 19.Bxf6 Qxf6 20.Nd4 a5 21.Rab1 e5 22.Nxc6 Nf4
23.Rd6 Ne6 24.b4 axb4 25.axb4 Ra3 26.Qb2 Bxc6 27.Bxc6 Qf5 28.Re1 Ra7 29.Rxe5 Qf6
30.b5 Ra2 31.Qxa2 Qxe5 32.Rd5 Qf6 33.Qd2 Rc8 34.Bd7 Ra8 35.Bxe6 fxe6 36.Rd4 e5
37.Rd6 Qf8 38.c6 Ra3 39.Rd8  1-0

[Event "73rd ch-ITA"]
[Site "Rome ITA"]
[Date "2013.11.23"]
[Round "3.1"]
[White "Dvirnyy,D"]
[Black "Brunello,S"]
[Result "1/2-1/2"]
[WhiteElo "2560"]
[BlackElo "2615"]

1.Nf3 d5 2.c4 d4 3.g3 Nc6 4.Bg2 e5 5.d3 a5 6.O-O Nf6 7.e3 dxe3 8.Bxe3 Be7
9.Nc3 O-O 10.d4 exd4 11.Nxd4 Nxd4 12.Qxd4 c6 13.h3 Be6 14.b3 Qxd4 15.Bxd4 Rfd8
16.Rfd1 Rac8 17.Na4 Nd7 18.c5  1/2-1/2

[Event "TCh-CZE Vychod 2013-14"]
[Site "Czech Rep CZE"]
[Date "2013.11.24"]
[Round "3.4"]
[White "Szotkowski,J"]
[Black "Krejci,Jan1"]
[Result "1-0"]
[WhiteElo "2202"]
[BlackElo "2153"]

1.Nf3 d5 2.c4 d4 3.g3 c5 4.b4 b6 5.Bg2 Bb7 6.O-O Nd7 7.e3 e5 8.exd4 exd4
9.Re1+ Be7 10.bxc5 bxc5 11.d3 Ngf6 12.Qe2 Nf8 13.Ba3 Bxf3 14.Qxf3 Rc8 15.Bh3 Rc7
16.Qd1 Qd6 17.Nd2 Ng6 18.Qa4+ Qc6 19.Qxc6+ Rxc6 20.f4 Nf8 21.Nb3 N8d7 22.Nxd4 Ra6
23.Nb5 Kd8 24.d4 Re8 25.d5 Ra4 26.Bf1 a6 27.Na7 Bf8 28.Nc6+ Kc7 29.Bb2 Rxe1
30.Rxe1 Rxa2 31.Bc3 h5 32.Ba5+ Kc8 33.Rb1 Rxa5 34.Nxa5 Ne4 35.Nc6 g5 36.Re1 f5
37.fxg5 Kc7 38.g6 Ndf6 39.Bg2 Bh6 40.Ne7 Nd6 41.Re6 Bg7 42.Rxd6 Kxd6 43.Nxf5+ Ke5
44.Nxg7 a5 45.Ne6 a4 46.Nxc5 a3 47.Nb3  1-0

[Event "UT Dallas GM Inv 2013"]
[Site "Dallas USA"]
[Date "2013.11.24"]
[Round "6.2"]
[White "Ramirez,Alej"]
[Black "Kosintseva,N"]
[Result "1-0"]
[WhiteElo "2597"]
[BlackElo "2523"]

1.Nf3 d5 2.c4 e6 3.g3 Nf6 4.b3 c5 5.Bg2 Nc6 6.O-O d4 7.e3 Bd6 8.exd4 cxd4
9.d3 h6 10.a3 a5 11.Re1 O-O 12.Nbd2 Re8 13.Nh4 Be7 14.f4 Rb8 15.Bb2 Nd7 16.Nhf3 Nc5
17.Ne4 b6 18.Rb1 Bb7 19.Nf2 Ba8 20.Ba1 b5 21.b4 axb4 22.axb4 Na6 23.cxb5 Rxb5
24.Qa4 Nc7 25.Rec1 Qb8 26.Rc4 Rd8 27.Nxd4 Nxd4 28.Bxd4 Bxg2 29.Rxc7 Rxb4
30.Rxb4 Qxb4 31.Qxb4 Bxb4 32.Rc4  1-0

[Event "ch-VIE 2013"]
[Site "Ho Chi Minh City VIE"]
[Date "2013.11.24"]
[Round "8.2"]
[White "Tran Manh Tien"]
[Black "Pham Chuong"]
[Result "0-1"]
[WhiteElo "2290"]
[BlackElo "2344"]

1.Nf3 d5 2.c4 e6 3.g3 Nf6 4.Bg2 Bd6 5.O-O O-O 6.b3 b6 7.Bb2 Bb7 8.Nc3 a6
9.e3 Nbd7 10.Qe2 Re8 11.d3 c5 12.e4 Ne5 13.Nxe5 Bxe5 14.Kh1 dxe4 15.dxe4 Qc7
16.f4 Bd4 17.e5 Bxg2+ 18.Kxg2 Nd7 19.Ne4 Bxb2 20.Qxb2 Nb8 21.Qc2 h6 22.Nd6 Rf8
23.Qe4 Nc6 24.Rad1 Rad8 25.g4 f6 26.Rd2 Rd7 27.h3 Nd4 28.b4 Qd8 29.a4 a5
30.b5 Qe7 31.Qg6 fxe5 32.fxe5 Rxf1 33.Kxf1 Nf3 34.Re2 Nxe5 35.Rxe5 Rxd6 36.Ke2 Qd7
37.Re3 Rd2+ 38.Ke1 Rd1+ 39.Ke2 Qd2+ 40.Kf3 Rf1+  0-1

[Event "5th Pilsen Open 2013"]
[Site "Plzen CZE"]
[Date "2013.11.24"]
[Round "1"]
[White "Novy,Jan"]
[Black "Mueller,Daniel"]
[Result "0-1"]
[WhiteElo "1706"]
[BlackElo "2100"]

1.Nf3 d5 2.c4 e6 3.e3 Nf6 4.b3 Be7 5.Nc3 O-O 6.Be2 b6 7.O-O Bb7 8.Bb2 c5
9.cxd5 Nxd5 10.d4 Nd7 11.a3 Rc8 12.Rc1 N7f6 13.dxc5 Rxc5 14.Na4 Rxc1 15.Qxc1 Qa8
16.Qb1 Rc8 17.Rc1 a6 18.b4 b5 19.Nc3 Nb6 20.Ne1 Nc4 21.Qa2 Nxb2 22.Qxb2 Nd7
23.Bf3 Nb6 24.Bxb7 Qxb7 25.Nf3 Bf6 26.Rd1 Na4 27.Nxa4 Bxb2 28.Nxb2 Qc7 29.Ne1 Qc3
30.Nbd3 Qxa3 31.Kf1 h6 32.Rd2 g6 33.Ke2 Qa1 34.Rb2 a5 35.bxa5 Qxa5 36.Nb4 Qc7
37.Ned3 Qxh2 38.g3 Qh5+ 39.Kd2 Qg5 40.Ke2 h5 41.Kf1 Qf5 42.Ke2 g5 43.Ra2 h4
44.gxh4 gxh4 45.Ra1 Qg4+ 46.Kd2 h3 47.Nc2 h2 48.Nd4 Qg1 49.Ne1 h1=Q 50.Ke2 Qh5+
51.Ndf3 Qgg4 52.Rd1 Qc4+ 53.Nd3 Rd8  0-1